Macbeth Lady Macbeth / (Record no. 55330)

MARC details
000 -LEADER
campo de control de longitud fija 01150nam a2200313 i 4500
001 - NÚMERO DE CONTROL
campo de control 55330
003 - IDENTIFICADOR DE NÚMERO DE CONTROL
campo de control ES-MaACL
005 - FECHA Y HORA DE LA ÚLTIMA TRANSACCIÓN
campo de control 20251009173015.0
007 - CAMPO FIJO DE DESCRIPCIÓN FÍSICA--INFORMACIÓN GENERAL
campo de control de longitud fija t|
008 - DATOS DE LONGITUD FIJA--INFORMACIÓN GENERAL
campo de control de longitud fija 140902s2009 sp a ||||1| spa d
020 ## - NÚMERO INTERNACIONAL ESTÁNDAR DEL LIBRO
Número Internacional Estándar del Libro 978-84-87744-44-0
080 ## - NÚMERO DE LA CLASIFICACIÓN DECIMAL UNIVERSAL
Número de la Clasificación Decimal Universal 821.111-21"15"
080 ## - NÚMERO DE LA CLASIFICACIÓN DECIMAL UNIVERSAL
Número de la Clasificación Decimal Universal 792(083.97)
245 00 - MENCIÓN DEL TÍTULO
Título Macbeth Lady Macbeth /
Mención de responsabilidad, etc. William Shaskespeare ; [dirección, Carles Alfaro ; traducción, Esteve Miralles ; adaptación, Carles Alfaro y Esteve Miralles].
250 ## - MENCION DE EDICION
Mención de edición 1ª ed.
260 ## - PUBLICACIÓN, DISTRIBUCIÓN, ETC.
Lugar de publicación, distribución, etc. Madrid :
Nombre del editor, distribuidor, etc. Teatro Español,
Fecha de publicación, distribución, etc. 2009.
300 ## - DESCRIPCIÓN FÍSICA
Extensión 251 p. :
Otras características físicas il. col. ;
Dimensiones 21 cm.
490 1# - MENCIÓN DE SERIE
Mención de serie Cuadernos del Teatro Español ;
Designación de volumen o secuencia 19
500 ## - NOTA GENERAL
Nota general En cub.: "Temporada 2008"
650 #4 - PUNTO DE ACCESO ADICIONAL DE MATERIA--TÉRMINO DE MATERIA
Término de materia o nombre geográfico como elemento de entrada Teatro-
Subdivisión general Programas.
9 (RLIN) 145288
700 1# - ENTRADA AGREGADA--NOMBRE PERSONAL
Nombre de persona Shakespeare, William,
Fechas asociadas al nombre 1564-1616
9 (RLIN) 105992
700 1# - ENTRADA AGREGADA--NOMBRE PERSONAL
Nombre de persona Alfaro, Carles,
Fechas asociadas al nombre 1960-
9 (RLIN) 155335
700 1# - ENTRADA AGREGADA--NOMBRE PERSONAL
Nombre de persona Miralles, Esteve (
Fechas asociadas al nombre 1964-)
9 (RLIN) 155336
830 0# - PUNTO DE ACCESO ADICIONAL DE SERIE-TÍTULO UNIFORME
Título uniforme Cuadernos del Teatro Español ;
Designación de volumen o secuencia 19
9 (RLIN) 189460
852 ## - LOCALIZACIÓN
Ubicación ES-MaACL
Número de control de estantería A-13207
itemnumber 57458
Sublocalización o colección R.150067
Ubicación en estantería Depósito 1
Signatura antigua Olim: N-6207
Donativo/Legado Donación: Carlos París
903 ## - NOMBRE PERSONAL DE DONANTE
a París, Carlos,
d 1925-2014
e Donante
q 1
9 89133
942 ## - ELEMENTOS DE ENTRADA SECUNDARIOS (KOHA)
Fuente del sistema de clasificación o colocación Clasificación decimal universal
Tipo de ítem Koha Libro impreso
Holdings
Estatus retirado Estado de pérdida Fuente del sistema de clasificación o colocación Estado de daño No para préstamo Biblioteca de origen Biblioteca actual Ubicación en estantería Fecha de adquisición Fuente de adquisición Total de préstamos Signatura topográfica completa Código de barras Visto por última vez Precio de reemplazo Tipo de ítem Koha
    Clasificación decimal universal     Biblioteca del Ateneo de Madrid Biblioteca del Ateneo de Madrid Depósito 1 17/01/2008 Donación   A-13207 1058132 23/02/2023 23/02/2023 Libro impreso